000 00813nam a22002537i 4500
005 20210427122959.0
008 210427t19941994my ||||e |||| 00| 0 may d
020 _a9789836243492
_qpaperback
040 _aPPAK
_beng
_cPPAK
_erda
082 0 2 _223
_a899.2309
090 0 0 _a899.2309
_bSHA
_dKAO
100 0 _aShahnon Ahmad,
_cDatuk Haji,
_d1933-
_eauthor.
245 1 0 _aSASTERA :
_bPengalaman ilmu imaginasi dan kitarannya /
_cSHAHNON AHMAD
264 1 _aKuala Lumpur :
_bDewan Bahasa dan Pustaka,
_c1994
264 4 _c©1994
300 _axxiii, 161 pages ;
_c21 cm
336 _2rdacontent
_atext
337 _2rdamedia
_aunmediated
338 _2rdacarrier
_avolume
500 _aIncludes index.
650 1 0 _aLiterature
_xAuthorship
650 2 0 _aLiterature
_xHistory and criticism
942 _2ddc
_cB
999 _c183683
_d183683